00323nam a2200133Ia 4500003000400000005001700004008004100021020001800062040001700080100002000097245004500117260001800162260000900180OSt20240318154645.0170524s9999 xx 000 0 und d a9788173915604 cIIMTU MEERUT aRatandeep Singh 0aNational ecotourism and wildlife tourism bKanishka Pub. c2003